00922njm a2200217 i 45000010005000000030009000050070015000140080041000291000043000702450112001132600041002253000049002664900025003155000035003405180139003756000022005146100070005367100044006068300025006508520029006754614ES-MaACLs|r|||||||||||070801n1964 sp ||| g ||||||||1|nspa d1 aDíaz-Cañabate, Antonio,d1898-198010aAlgunos de mis recuerdos de Ignacio Zuloaga h[Grabación sonora] /cinterviene Antonio Díaz-Cañabate. aMadrid : bAteneo de Madrid, c1964. a1 disco (CD-DA) (36 min. 10 seg.) ; c12 cm.1 aActos independientes aDatos basados en invitación. aActo organizado por el Aula de Literatura del Ateneo de Madrid, grabado en el salón de actos el miércoles 18 de noviembre de 1964.14aZuloaga, Ignacio.24aAteneo de Madrid-xActos culturales-y1964-vGrabaciones sonoras.2 aAteneo de Madrid. bAula de Literatura.0 aActos independientes aES-MaACLjROT 3/1/9cROT